| 000 | 00758cam a22002413a 4500 | ||
|---|---|---|---|
| 001 | 15088 | ||
| 003 | PGUSA | ||
| 005 | 20140828083325.0 | ||
| 008 | 050217s2005||||xxu|||||s|||||000 | eng d | ||
| 040 |
_aPGUSA _beng |
||
| 042 | _adc | ||
| 050 | 4 | _aQK | |
| 100 | 1 |
_aRuskin, John, _d1819-1900 |
|
| 245 | 1 | 0 |
_aProserpina, Volume 2 : _bStudies of Wayside Flowers, While the Air was Yet Pure Among the Alps and in the Scotland and England Which My Father Knew _h[electronic resource] / _cJohn Ruskin |
| 260 |
_bProject Gutenberg, _c2005 |
||
| 506 | _aPublic domain in the USA. | ||
| 516 | _aElectronic text | ||
| 653 | _aFlowers | ||
| 653 | _aPlants | ||
| 830 | 0 |
_aProject Gutenberg _v15088 |
|
| 856 | 4 | 0 | _uhttp://www.gutenberg.org/ebooks/15088 |
| 942 | _cEB | ||
| 999 |
_c244343 _d244343 |
||